Statistiken für Häufigste Nachnamen in Deutschland

Klicken Sie hier um das Quiz zu spielen!

Allgemein

  • Dieses Quiz wurde 11.118 mal gespielt
  • Das Durchschnittsergebnis liegt bei 9 aus 30

Antwortstatistiken

# MenschenBuchstabeNachname% Korrekt
324'101MMüller
98%
235'760SSchmidt
81%
46'581MMeier
73%
106'352MMeyer
54%
49'967SSchmitt
49%
73'958BBauer
47%
142'095SSchneider
45%
122'941FFischer
45%
93'344SSchulz
38%
106'208WWeber
37%
98'445BBecker
36%
97'201WWagner
24%
48'792WWerner
23%
53'507ZZimmermann
23%
75'082KKoch
21%
55'086SSchwarz
21%
50'776SSchmitz
21%
89'412HHoffmann
20%
52'731BBraun
19%
67'924KKlein
19%
59'445NNeumann
19%
63'337WWolf
17%
63'928SSchröder
17%
51'129HHofmann
16%
72'540RRichter
16%
75'634SSchäfer
13%
48'756KKrause
13%
50'196LLange
12%
53'365KKrüger
10%
50'690HHartmann
10%

Verteilung der Resultate

Perzentil nach korrekt beantworteten Fragen

Anzahl Personen mit jedem Resultat

Ihre Resultats-Entwicklung

Sie haben dieses Quiz noch nicht gespielt